000 00613nam a2200205 i 4500
001 141592
003 ES-MaACL
005 20230906200326.0
007 t|
008 070925s1931 fr ||||1| fre d
100 1 _aVolterra, Vito.
_9115725
245 1 0 _aLeçons sur la théorie mathematique de la lutte pour la vie /
_cpar Vito Volterra.
260 _aParis :
_bGauthier-Villars,
_c1931.
300 _aVI, 214 p. ;
_c26 cm.
490 1 _aCahiers scientifiques
650 4 _aBiomatemáticas.
_9164533
830 0 _aCahiers scientifiques
_9181884
852 _aES-MaACL
_jC-8097
999 _c141592
_d141592